| 000 | 003910000a22001450004500 | ||
|---|---|---|---|
| 020 | _a968-432-480-4 | ||
| 041 | 0 | _aSPA | |
| 082 | 0 | 4 | _aG 972.802 D277h |
| 100 | 1 | _aDíaz del Castillo, Bernal (1492-1581?) | |
| 245 | 1 | 0 | _aHistoria verdadera de la conquista de la nueva España / Bernal Diaz Del Castillo |
| 260 | _aMéxico D.F. : Porrúa | ||
| 300 | _a700 Pag | ||
| 001 | 11596 | ||
| 942 | _cBK | ||
| 999 |
_c40828 _d40828 |
||